[Event "DEN-ch sf8"]
[Site "Svendborg"]
[Date "2024.03.29"]
[Round "4"]
[White "Ulmer, Maya Vissing"]
[Black "Peitersen, Andreas"]
[Result "1-0"]
[WhiteElo "1717"]
[BlackElo "1815"]
[PlyCount "72"]
[EventDate "2024.03.29"]
[EventType "swiss"]
[EventRounds "7"]
[EventCountry "DEN"]
[SourceTitle "CBM 219 Extra"]
[Source "ChessBase"]
[SourceDate "2024.05.31"]
[SourceVersion "1"]
[SourceVersionDate "2024.05.31"]
[SourceQuality "1"]

1. d4 Nf6 2. c4 e6 3. Nf3 d5 4. g3 b6 5. Bg2 Bb7 6. Nc3 Nbd7 7. cxd5 exd5 8. 0-0 Be7 9. Bd2 0-0 10. Rc1 a6 11. e3 h6 12. Re1 Bd6 13. Qb3 c5 14. dxc5 Nxc5 15. Qc2 Rc8 16. Qb1 b5 17. Nd4 Re8 18. Red1 b4 19. Nce2 Nce4 20. Bxe4 Nxe4 21. Be1 Qf6 22. Qd3 Be5 23. Qb3 a5 24. Qa4 Qb6 25. Qb3 Nc5 26. Qc2 a4 27. Qd2 b3 28. a3 Ne4 29. Qb4 Qxb4 30. Bxb4 Ba6 31. Nc3 Nxc3 32. Rxc3 g6 33. Rdc1 Bc4 34. Rd1 Kg7 35. Rcc1 Bb8 36. Bc3 f6 1-0